000 00721nam a2200253Ia 4500
003 OSt
005 20221005081814.0
006 a|||||r|||| 00| 0
007 ta
008 221004b |||||||| |||| 00| 0 eng d
024 _a71675
037 _cTextual
040 _aCRL
_cCRL
_beng
041 _2eng
_aeng
082 _aY2:7:7:2, N3
100 _aSaraswathi T S Ed.
245 0 _aHuman development and family studies in India
_b An agenda for research and policy
260 _aNew Delhi
_bSage India
_c1993
300 _a370p
_ccm.
650 _aSOCIOLOGY
700 _a Baljit Kaur Ed.
942 _hY2:7:7:2, N3
_cTEXL
_2cc
999 _c988293
_d988293